| 000 | 00813cam a2200241 i 4500 | ||
|---|---|---|---|
| 001 | 1377562164 | ||
| 003 | OSt | ||
| 005 | 20250423124442.0 | ||
| 008 | 230427s2023 sz a ob 001 0 eng d | ||
| 020 | _z9783031219238 (hardcover) | ||
| 040 |
_aGW5XE _beng _erda _cGW5XE _dNUST |
||
| 050 | 4 | _aQC173.65 STR | |
| 100 | 1 |
_aStrohm, Thomas _eAuthor |
|
| 245 | 1 | 0 |
_aSpecial relativity for the enthusiast / _cThomas Strohm. |
| 260 |
_aCham : _bSpringer, _c2023. |
||
| 300 |
_axvi, 344 pages : _bIllustrations ; _c24 cm. |
||
| 336 |
_atext _btxt _2rdacontent |
||
| 337 |
_aunmediated _bn _2rdamedia |
||
| 338 |
_avolume _bnc _2rdacarrier |
||
| 504 | _aIncludes bibliographical references and index. | ||
| 650 | 0 | _vSpecial relativity (Physics) -- Textbooks. | |
| 942 |
_2lcc _cBOOKS _hQC173.65 STR _kQC _mSTR _n0 |
||
| 999 |
_c171663 _d171663 |
||